| 000 | 00613nam a22002177a 4500 | ||
|---|---|---|---|
| 005 | 20251108173424.0 | ||
| 008 | 250721s9999 xx 000 0 ara d | ||
| 020 | _a9628738046 | ||
| 082 | 1 | 4 | _aط/612/فكر |
| 245 | 1 | 0 | _aفكر مع الإستاذ مفكر / |
| 264 | 1 |
_aد.م : _b123 publishing House، |
|
| 300 | _a84ص | ||
| 490 | 0 | _atheir future | |
| 650 | 1 | 7 | _aجسم الانسان |
| 650 | 1 | 7 | _aالفسيولوجيا |
| 650 | 1 | 7 | _aادب الاطفال |
| 653 | _aناشاون صغار(10-14)سنه | ||
| 710 | 2 | _afrogs for research and deveiopment | |
| 942 |
_2ddc _cBK |
||
| 999 |
_c103520 _d103520 |
||